Narrativa visual. Creación de estructuras visuales para cine, video y medios digitales.

Gardado en:
Detalles Bibliográficos
Autor Principal: Block, Bruce (autor)
Formato: Libro
Idioma:inglés
Publicado: Barcelona, España: Ediciones Omega, 2008.
Edición:Segunda edición.
Subjects:
Tags: Engadir etiqueta
Sen Etiquetas, Sexa o primeiro en etiquetar este rexistro!

MARC

LEADER 00000nam a22000007a 4500
003 CL-VaPUC
005 20250407202457.0
008 250320b ||||| |||| 00| 0 eng d
999 |c 447516  |d 447514 
020 |a 978-84-282-1452-0 
040 |c Pontificia Universidad Católica de Valparaíso 
082 |2 22  |a 778.5 BLO 2008 
100 |9 897267  |a Block, Bruce  |e autor 
245 |a Narrativa visual.  |b Creación de estructuras visuales para cine, video y medios digitales. 
250 |a Segunda edición. 
260 |a Barcelona, España:  |b Ediciones Omega,  |c 2008. 
300 |a 315 páginas:  |b ilustraciones. 
500 |a c.1-2: Instituto Arcos. 08-01-2025 
583 |c 20250320  |k Yessy Sthefany Diaz Vidal 
650 0 |9 265349  |a Comunicación visual   |x Aspectos teóricos  |x Color, tono, etc. 
650 0 |9 265198  |a Cinematografía  |x Componentes visuales  |x Espacio, perspectiva, etc. 
942 |2 ddc  |c BK  |n 0 
952 |0 0  |1 0  |2 ddc  |4 0  |6 778_500000000000000_BLO_2008  |7 0  |8 A  |9 601647  |a BIBINC  |b BIBINC  |d 2025-03-20  |e Instituto Arcos  |i 5666498  |o 778.5 BLO 2008  |p 5666498  |r 2025-03-20  |t 1  |w 2025-03-20  |y BK  |k IFP 
952 |0 0  |1 0  |2 ddc  |4 0  |6 778_500000000000000_BLO_2008  |7 0  |8 A  |9 601648  |a BIBINC  |b BIBINC  |d 2025-03-20  |e Instituto Arcos  |i 5666499  |o 778.5 BLO 2008  |p 5666499  |r 2025-03-20  |t 2  |w 2025-03-20  |y BK  |k IFP